000 00533pab a2200193 454500
008 180718b2009 xxu||||| |||| 00| 0 eng d
100 _aMenon, Nidhiya
245 _aRainfall uncertainty and occupational choice in agricultural households of rural Nepal
260 _c2009
300 _ap.864-88.
362 _aJul
650 _aRains - Nepal
650 _aOccupational choice - Nepal
650 _aAgriculture - Nepal
650 _aAgriculture
773 _aJournal of Development Studies
908 _aN
909 _a86518
999 _c86518
_d86518